Využitie viacrozmerných modelov triedy ARCH pri analýze previazanosti akciových trhov diplomová práca

Salvato in:
Dettagli Bibliografici
Autore principale: Jonáš, Ľudovít
Ente Autore: Fakulta hospodárskej informatiky EU. Katedra operačného výskumu a ekonometrie
Altri autori: Chocholatá, Michaela, 1977-
Natura: Libro
Lingua:slovacco
Pubblicazione: Bratislava 2016
Tags: Aggiungi Tag
Nessun Tag, puoi essere il primo ad aggiungerne!!

MARC

LEADER 00000nbm a2200000 4500
001 0216836
005 20170215094607.8
041 0 |a slo 
044 |a SK 
245 1 0 |a Využitie viacrozmerných modelov triedy ARCH pri analýze previazanosti akciových trhov  |b diplomová práca  |c Ľudovít Jonáš ; školiteľ: Michaela Chocholatá 
264 1 |a Bratislava  |c 2016 
300 |a 61 s. 
100 1 |a Jonáš, Ľudovít 
700 1 |a Chocholatá, Michaela, 1977- 
710 2 |a Fakulta hospodárskej informatiky EU. Katedra operačného výskumu a ekonometrie